| 000 | 00356cam a2200145ua 4500 | ||
|---|---|---|---|
| 041 |
_aeng _h |
||
| 082 |
_a828.09 _bSAN/WO |
||
| 100 | _aSansom, Clive . | ||
| 245 |
_aWorld of Poetry / _cClive Sansom. _hTextual Documents |
||
| 260 |
_aLondon : _bPheonix House Limited , _c1960. |
||
| 300 | _a224 ; . | ||
| 504 | _a | ||
| 942 | _cBK | ||
| 999 |
_c11855 _d11855 |
||